|
|
|
|
| LEADER |
00000nab a2200000uu 4500 |
| 001 |
vtls010915425 |
| 003 |
SK-MaSNL |
| 005 |
20260225205638.0 |
| 008 |
230222|1967 xo |||||||||||||||||slo| |
| 015 |
|
|
|a SNBRB
|
| 035 |
|
|
|a (urnnbn)urn:nbn:sk:snk:ar-a09dhv
|
| 035 |
|
|
|a (uuid)45e6bbe9-f4fd-4b8d-a5f5-a106514c1f6b
|
| 035 |
|
|
|a urn:nbn:sk:snk-ab93pw
|
| 040 |
|
|
|a SNKBUCL
|b slo
|c SNKBUCL
|e AACR2
|
| 041 |
0 |
|
|a slo
|
| 044 |
|
|
|a xo
|c SK
|
| 245 |
0 |
0 |
|a Virginia Woolf, Granit und Regenbogen
|
| 773 |
0 |
|
|t Slovenské divadlo : revue dramatických umení
|g Roč. 15, č. 1 (1967), s. 134-136
|
| 954 |
|
|
|a odborná, vedecká literatúra pôvodná (slovenská)
|2 lita
|
| 958 |
|
|
|a OND
|
| 958 |
|
|
|a EUIPO
|
| 958 |
|
|
|a article10
|
| 999 |
|
|
|c 2011308
|d 2013238
|